000
00290nam a22001217a 4500
008
170620b xxu||||| |||| 00| 0 eng d
041
_a
eng
080
_2
2 ED
_a
94
100
_a
18
101
_a
SHH
245
_a
MEDIVAL CIVILIZATION THE HUMAN ADVENTURE
_c
VERIFIED.L
942
_2
udc
_c
BK
999
_c
18213
_d
18213